1639 1883 1965 1983 1746 1140 1820 1425 1781 1600 1312 1458 1564 1607 1954 1443 1600 1259 1447 1425 1702 1507 1047 1004 1363 1668 1485 1385 1730 1793 1723 1276 1562 1888 1778 1202 1879 1000 1641 1755 1609 1679 1550 1144 1055 1964 1172 1102 1776 1743 1303 1033 1654 1108 1039 1297 1287 1744 1040 1117 1825 1876 1321 1731 1968 1651 1418 1453 1719 1366 1424 1407 1640 1548 1038 1776 1746 1860 1628 1164 1063 1867 1500 1554 1880 1978 1583 1015 1535 1902 1229 1437 1328 1042 1888 1552 1021 1433 1737 BCNSPRNW ULIB Ver.6.0+V

เปลี่ยนเป็นภาษาไทย

Change to English
 แสดงรายละเอียดบรรณานุกรม
  กลับหน้าหลัก

Brief Record : Get Marc (ISO 2709) : E-mail record : QR code < ปิดหน้าต่าง
LEADER : 00000nam 2200000uu 4500
001    13399123385
003     ULIB
008    140903s2523||||th 000 0 tha d
099    วจ.WY87^bก429ท
100 0  กาญจนี สิทธิวงศ์
245 00 ทัศนคติของพยาบาลที่มีต่อสมาคมพยาบาลแห่งประเทศไทย /^cกาญจนี สิทธิวงศ์
260    นครปฐม:^bคณะพยาบาลศาสตร์ มหาวิทยาลัยมหิดล,^c2523
300    104 หน้า
650  0 ทัศนคติ
945    ^p0^l0^i009559
999    ^aเกษร โพธิ์สุวรรณ
รายการนี้ยังไม่มีแท็ก
คุณยังไม่ได้ล็อกอิน คุณสามารถมีกิจกรรมร่วมกับเว็บไซต์ได้ แต่ต้องล็อกอินก่อน ::
  ล็อกอิน

รายการสื่อสารสนเทศ

ลำดับที่ ประเภท เลขเรียก/บาร์โค้ด สถานที่ สถานะ
1. งานวิจัย
งานวิจัย
วจ.WY87 ก429ท ฉ.1 
  Barcode: 009559
ห้องสมุดวิทยาเขตสวรรค์ประชารักษ์
►วิจัย
บนชั้น

รายการใกล้เคียง
    หัวเรื่อง [ทัศนคติ]

BibComment


ยังไม่เคยถูกคอมเมนท์

คอมเมนท์ทรัพยากรรายการนี้
  คอมเมนท์: ทัศนคติของพยาบาลท..


 Copyright 2026. Bcnsprnw @Library